00856ngm a2200229 a 450000500170000000800410001708200170005824500730007525000190014830000620016749000140022950000900024365000660033370000350039994200120043426400420044633600270048833700330051533800280054804000350057699900150061120220317001249.0160825s1994 ck g 000 0 spa 04a791.43bM14j13aEl jardín del Edéncdirección María Novarohvideograbación a1a. edición  a1 videocasete en VHS (105 minutos)bsonido, colorc20 cm  aLa maleta aLa película pertenece a la colección La Maleta. Dirigida para un público adulto142LEMBaPelículas cinematográficas mexicanasvVideocasetes 1 aNovaro, Maríad1951- 968488 2ddccBK aBogotábMinisterio de Culturac1994 atextobtxt2rdacontent asin mediaciónbn2rdamedia avolumenbnc2rdacarrier aCO-BoRNBPbspaerdacCO-BoRNBP c6432d6432